[Event "Antofagasta Zicosur op 4th"]
[Site "Antofagasta"]
[Date "2019.01.08"]
[Round "7"]
[White "Galvez Aguirre, Valentina"]
[Black "Delgado Fernandez, Enrique"]
[Result "0-1"]
[WhiteElo "1293"]
[BlackElo "1733"]
[PlyCount "80"]
[EventDate "2019.01.04"]
[EventType "swiss"]
[EventRounds "10"]
[EventCountry "CHI"]
[SourceTitle "CBM 190 Extra"]
[Source "ChessBase"]
[SourceDate "2019.07.15"]
[SourceVersion "1"]
[SourceVersionDate "2019.07.15"]
[SourceQuality "1"]

1. e4 c5 2. d4 cxd4 3. c3 d3 4. Bxd3 d6 5. Nf3 Nf6 6. c4 g6 7. Nc3 Bg7 8. 0-0 0-0 9. Be3 Nc6 10. Qd2 Bg4 11. Be2 Na5 12. b3 Rc8 13. Bh6 Bxh6 14. Qxh6 e6 15. Rfd1 Qe7 16. Ng5 Bxe2 17. Nxe2 Rfd8 18. Rd3 Qf8 19. Qxf8+ Kxf8 20. Rad1 Ke7 21. Nc3 a6 22. Kf1 h6 23. Nf3 Nc6 24. Ke2 Nb4 25. R3d2 Nc6 26. Rd3 Ng4 27. h3 Nge5 28. Nxe5 Nxe5 29. R3d2 f6 30. f4 Nf7 31. Ke3 b5 32. Kd4 bxc4 33. bxc4 e5+ 34. fxe5 dxe5+ 35. Ke3 Rxd2 36. Rxd2 Rxc4 37. Nd5+ Ke6 38. Rf2 f5 39. Rd2 Rxe4+ 40. Kf3 Rd4 0-1